LAWMANN'S LAW RELATING TO LANDLORD & TENANT (Record no. 60138)

MARC details
000 -LEADER
fixed length control field 00382nam a22001577a 4500
003 - CONTROL NUMBER IDENTIFIER
control field OSt
005 - DATE AND TIME OF LATEST TRANSACTION
control field 20230914102237.0
020 ## - INTERNATIONAL STANDARD BOOK NUMBER
International Standard Book Number 978-93-85114-31-1
040 ## - CATALOGING SOURCE
Transcribing agency LCC
100 ## - MAIN ENTRY--PERSONAL NAME
Personal name SHUKLA, NAMRATA
245 ## - TITLE STATEMENT
Title LAWMANN'S LAW RELATING TO LANDLORD & TENANT
260 ## - PUBLICATION, DISTRIBUTION, ETC.
Place of publication, distribution, etc. NEW DEHLI
Name of publisher, distributor, etc. KAMAL PUBLISHERS
Date of publication, distribution, etc. 2021
300 ## - PHYSICAL DESCRIPTION
Extent XXIV, 368P.
600 ## - SUBJECT ADDED ENTRY--PERSONAL NAME
Source of heading or term LEASES-INDIA
942 ## - ADDED ENTRY ELEMENTS (KOHA)
Source of classification or shelving scheme Library of Congress Classification
Koha item type Long Loan Book
Suppress in OPAC No
Holdings
Withdrawn status Lost status Source of classification or shelving scheme Damaged status Not for loan Home library Current library Date acquired Inventory number Total checkouts Full call number Barcode Date last seen Copy number Price effective from Koha item type
    Library of Congress Classification     Kisii University Library Kisii University Library 09/14/2023 103065   KFN 5145 .S58 2021 000000000268 09/14/2023 1 09/14/2023 Long Loan Book